000 01133nam a2200289 a 4500
003 DO-SdBNP
005 20240419200007.0
007 ta
008 221125e2002 dr a|||gr|||| 001 e spa d
040 _aDO-SdBNP
_bspa
_cBNPHU
082 4 _222
_bN714a
100 1 _957098
_aNina Estrella, Rose Emily
245 1 0 _a¡¡Ayer víctimas, hoy sobrevivientes!! /
_cRose Emily Nina Estrella; Ilustraciones, Héctor Payán y Rafael Rodríguez.
260 _aSanto Domingo :
_bPfizer,
_c2002
300 _a118 p. :
_bil. :
_c21 cm.
500 _aLibro de auto ayuda a mujeres maltratadas.
500 _aIncluye datos biográficos de la autora en la contraportada.
590 _aInventariado 2022 / MF
650 4 _9387
_aTécnicas de Autoayuda
_xRepública Dominicana
650 4 _913110
_aAutoayuda y Superación
_xRepública Dominicana
650 0 _aVIOLENCIA CONTRA LA MUJER
_xRepública Dominicana
_938242
650 4 _964059
_aViolencia Contra la Mujer
_xTratamiento Terapéutico
_xRepública Dominicana
700 1 _934811
_aPayán, Héctor
_eil.
700 1 _970710
_aRodríguez, Rafael
_eil.
910 _aMFeliz
942 _2ddc
_cLBS1
999 _c53004
_d53004